Hạt nhân nguyên tử một thế giới bí ẩn

Bewaard in:
Bibliografische gegevens
Hoofdauteur: Nguyễn Ngọc Giao
Formaat: Boek
Taal:Vietnamese
Gepubliceerd in: Giáo dục 1998
Tags: Voeg label toe
Geen labels, Wees de eerste die dit record labelt!
Thư viện lưu trữ: Mạng thư viện Đại học Đà Nẵng
LEADER 00650nam a2200277 4500
001 000025788
003 1340
005 20150325120000.0
008 150325s vm 000 vie
020 |c 12400,0000 
040 |a notts 
100 |a Nguyễn Ngọc Giao 
245 |a Hạt nhân nguyên tử một thế giới bí ẩn 
260 |b Giáo dục  |c 1998 
300 |a 170tr. ; 
OWN |a LTT 
999 |a From the UDN01 
TYP |a Monograph 
TYP |a Printed language 
980 |a Mạng thư viện Đại học Đà Nẵng